|
|
|
|
| LEADER |
00942nam a2200241 a 4500 |
| 001 |
15599093 |
| 008 |
100708r2009 inu b 001 0 eng d |
| 010 |
|
|
|a 2009001889
|
| 020 |
|
|
|a 9788126521562
|
| 020 |
|
|
|a 9780470423677 (paper/website)
|
| 040 |
|
|
|a DLC
|c DLC
|d BD-DhAAL
|
| 082 |
0 |
0 |
|a 658.4/04
|2 22
|
| 100 |
1 |
|
|a Wysocki, Robert K.
|
| 245 |
1 |
0 |
|a Effective project management :
|b traditional, agile, extreme /
|c Robert K. Wysocki.
|
| 250 |
|
|
|a 5th ed.
|
| 260 |
|
|
|a Indianapolis, IN ;
|a New Delhi :
|b Wiley Technology Pub.,
|c c2009.[Reprinted]
|
| 300 |
|
|
|a lviii,734 p. :
|b ill. ;
|c 24cm.
|
| 504 |
|
|
|a Includes bibliographical references and index.
|
| 541 |
1 |
|
|e 00020627
|
| 650 |
|
0 |
|a Project management.
|
| 852 |
4 |
|
|a Ayesha Abed Library
|j General shelf
|
| 999 |
|
|
|c 9325
|d 9325
|
| 952 |
|
|
|0 0
|1 0
|2 ddc
|4 0
|6 658_404000000000000_WYS_2009
|7 0
|9 11871
|a BRACUL
|b BRACUL
|c GEN
|d 2010-09-20
|l 1
|m 13
|o 658.404 WYS
|p 3010020627
|r 2013-04-27
|s 2013-01-19
|t 1
|w 2010-09-20
|y BK
|